000 00599nam a22002177a 4500
005 20260425104226.0
008 260425b ag ||||| |||| 00| 0 spa d
020 _a8441303169
040 _aAR-CcCEOS
_bspa
_cAR-CcCEOS
041 _aspa
080 _a947.01:7
090 _bWAL v.2
100 1 _aWallace, Robert,
_d1773-1855
_91130
245 _aOrĂ­genes de Rusia :
_bVolumen II /
_cRobert Wallace
264 _aBarcelona :
_bFolio,
_c1996.
300 _a174 p. ;
_c24x18 cm.
490 _vAtlas culturales del mundo
650 0 _ahistoria
_990
655 0 _aarte
_9138
942 _2udc
_cBK
_n0
999 _c28956
_d28956